El gobierno (Registro nro. 1993)

Detalles MARC
000 -CABECERA
campo de control de longitud fija 00665nam a2200301Ia 4500
001 - NÚMERO DE CONTROL
campo de control 1993
003 - IDENTIFICADOR DEL NÚMERO DE CONTROL
campo de control 4067
005 - FECHA Y HORA DE LA ÚLTIMA TRANSACCIÓN
campo de control 20250222063731.0
008 - DATOS DE LONGITUD FIJA--INFORMACIÓN GENERAL
campo de control de longitud fija ||||||n9999 ||| || ||
020 ## - NÚMERO INTERNACIONAL ESTÁNDAR DEL LIBRO
Número Internacional Estándar del Libro 8420623040
041 ## - CÓDIGO DE LENGUA
Código de lengua del texto/banda sonora o título independiente spa
082 ## - NÚMERO DE LA CLASIFICACIÓN DECIMAL DEWEY
Número de edición 19
Número de clasificación 320
100 ## - ENTRADA PRINCIPAL--NOMBRE DE PERSONA
Nombre de persona Blondel, Jean
9 (RLIN) 3936
245 #0 - MENCIÓN DE TÍTULO
Título El gobierno
Resto del título estudios comparados
260 ## - PUBLICACIÓN, DISTRIBUCIÓN, ETC.
Lugar de publicación, distribución, etc. España :
Nombre del editor, distribuidor, etc. ALIA1,
Fecha de publicación, distribución, etc. 1981.
300 ## - DESCRIPCIÓN FÍSICA
Extensión 305p
490 ## - MENCIÓN DE SERIE
Mención de serie Alianza Universidad
562 ## - NOTA DE IDENTIFICACIÓN DE LA COPIA Y VERSIÓN
Número de copias 4
526 ## - NOTA DE INFORMACIÓN SOBRE EL PROGRAMA DE ESTUDIO
Nombre del programa 4969 - ESPECIALIZACIÓN EN ADMINISTRACIÓN PÚBLICA CONTEMPORÁNEA - Presencial
526 ## - NOTA DE INFORMACIÓN SOBRE EL PROGRAMA DE ESTUDIO
Nombre del programa 19790 - MAESTRÍA EN ADMINISTRACIÓN PÚBLICA - Presencial
526 ## - NOTA DE INFORMACIÓN SOBRE EL PROGRAMA DE ESTUDIO
Nombre del programa 104436 - MAESTRÍA EN ADMINISTRACIÓN PÚBLICA - A distancia
526 ## - NOTA DE INFORMACIÓN SOBRE EL PROGRAMA DE ESTUDIO
Nombre del programa 51868 - ADMINISTRACIÓN PÚBLICA - Presencial
526 ## - NOTA DE INFORMACIÓN SOBRE EL PROGRAMA DE ESTUDIO
Nombre del programa 1697 - ADMINISTRACIÓN PÚBLICA TERRITORIAL - A distancia
650 #0 - PUNTO DE ACCESO ADICIONAL DE MATERIA--TÉRMINO DE MATERIA
Término de materia o nombre geográfico como elemento de entrada Ciencias políticas
9 (RLIN) 939
650 #0 - PUNTO DE ACCESO ADICIONAL DE MATERIA--TÉRMINO DE MATERIA
Término de materia o nombre geográfico como elemento de entrada Gobierno
9 (RLIN) 3001
942 ## - ELEMENTOS DE PUNTO DE ACCESO ADICIONAL (KOHA)
Tipo de ítem Koha Libro
942 ## - ELEMENTOS DE PUNTO DE ACCESO ADICIONAL (KOHA)
Tipo de ítem Koha Libro
Existencias
Estado de retiro Estado de pérdida Estado dañado No para préstamo Código de colección Localización permanente Ubicación/localización actual Coste, precio normal de compra Total de préstamos Signatura topográfica completa Código de barras En préstamo Fecha visto por última vez Fecha del último préstamo Número de copia Tipo de ítem Koha
        General Bogotá - Sede Central Bogotá - Sede Central 1050.00 1 320.3 B65g 30029 25/03/2026 13/03/2026 13/03/2026 1 Libro
        General Medellín - Sede Antioquia Medellín - Sede Antioquia 0.00   320.3 B65g ANT1357       2 Libro
        General Medellín - Sede Antioquia Medellín - Sede Antioquia 0.00   320.3 B65g e4 ANT1358       3 Libro
        General Medellín - Sede Antioquia Medellín - Sede Antioquia 0.00   320.3 B65g e3 ANT1359       4 Libro